Pre-Capitalist Economic Formatioins/ (Record no. 187612)

MARC details
000 -LEADER
fixed length control field 00502nam a22001817a 4500
005 - DATE AND TIME OF LATEST TRANSACTION
control field 20220425173713.0
010 ## - LCCN (DPL NO)
LC control number ENG-132394
020 ## - INTERNATIONAL STANDARD BOOK NUMBER
International Standard Book Number 9788192556314
Terms of availability 175.00
035 ## - SYSTEM CONTROL NUMBER
System control number EN-115926
037 ## - SOURCE OF ACQUISITION
Source of stock number/acquisition DBAD/PUB
082 ## - DEWEY DECIMAL CLASSIFICATION NUMBER
Classification number 335.412
100 ## - MAIN ENTRY--PERSONAL NAME
Personal name Marx, Karl
245 ## - TITLE STATEMENT
Title Pre-Capitalist Economic Formatioins/
Statement of responsibility, etc Karl Marx
260 ## - PUBLICATION, DISTRIBUTION, ETC. (IMPRINT)
Place of publication, distribution, etc Kolkata
Name of publisher, distributor, etc Alphanumera
Date of publication, distribution, etc 2013
270 ## - ADDRESS
City Kolkata
Address 81, Simla Street
Postal code 700006
300 ## - PHYSICAL DESCRIPTION
Extent 151p.
Dimensions 22cm(pbk)
942 ## - ADDED ENTRY ELEMENTS (KOHA)
Source of classification or shelving scheme Dewey Decimal Classification
Item type English Books
Classification part 335.412
Call number suffix MAR
Holdings
Withdrawn status Lost status Not for loan Collection code Home library Current library Date acquired Source of acquisition Cost, normal purchase price Full call number Barcode Copy number Cost, replacement price Koha item type
      Non-fiction Patel Nagar Patel Nagar 25/04/2022 DBAD/PUB 175.00 335.412 MAR EN-115926 1 175.00 English Books

© Delhi Public Library
Hit Counter
free hit counter